000 00688nam a2200145Ia 4500
008 100122s9999 xx 000 0 und d
082 _b42569
_a823.08
100 _aबागुल चारुदत्त
245 _aखंडणी - मुंबई पोलिसांच्या अफलातून तपास कथा
260 _bमुक्ता प्रकाशन
_c1989
300 _a131
630 _aखंडणी - मुंबई पोलिसांच्या अफलातून तपास कथा
730 _aखंडणी - मुंबई पोलिसांच्या अफलातून तपास कथा
942 _cBOOK
999 _c422949
_d422946